Turkish 1980s Music Quiz: Name the Artist - Statistics

General Stats
  • This quiz has been taken 14 times
  • The average score is 12 of 30
Answer Stats
Song Release Date Artist % Correct
Tükeneceğiz 1984 Sezen Aksu
100%
Alla beni pulla beni 1989 Barış Manço
91%
Sevda kuşun kanadında 1988 Cem Karaca
73%
Ele güne karşı 1984 MFÖ
73%
Sen mutlu ol 1981 Ajda Pekkan
55%
Bu kalp seni unutur mu? 1989 Fikret Kızılok
55%
Bir efsane 1989 Hakan Peker
55%
Seni yazdım 1986 Müslüm Gürses
55%
Rüya 1980 Yeliz
55%
Dönsen bile 1984 Ferdi Özbeğen
45%
Sevda yelleri 1982 Ferdi Tayfur
45%
Bir ateşe attın beni 1983 Kâmuran Akkor
45%
Fırtına 1988 Yeni Türkü
45%
Sarışınım 1987 İbrahim Tatlıses
36%
Mor menekşe 1988 Nilüfer
36%
Son mektup 1984 Zerrin Özer
36%
Bağrı yanık dostlara 1980 Asu Maralman
27%
Sen benim şarkılarımsın 1986 Gündoğarken
27%
Sildim seni kalbimden 1985 Neşe Karaböcek
27%
Bendeki günlerini arayacaksın 1983 Ümit Besen
27%
Kara sevda 1988 Ayşegül Aldinç
18%
Ümit yere batsın 1987 Cengiz Kurtoğlu
18%
Olanlar olmuş 1981 İlhan İrem
18%
Sevda 1985 Nükhet Duru
18%
Mihrimah 1981 Nur Yoldaş
18%
Bulursun beni 1988 Sibel Can
18%
Mehtaplı gecelerde 1984 Ayşe Tunalı
9%
Hatıram olsun 1986 Coşkun Sabah
9%
Tasvir-i şikayet 1987 Denk
9%
Arkadaşça sevsen 1989 Erol Budan
9%
No matching quizzes found
Score Distribution
Percent of People with Each Score
Percentile by Number Answered
Your Score History
You have not taken this quiz